000 00624nam a2200193 a 4500
001 000011027
005 20240412074222.0
008 091013s1990 dr a r 000 p spa d
040 _aDO-SdBNP
_bspa
_cBNPHU
082 _aRD861.44
_bR696co
100 1 _aRodríguez, Magda Graniela
_926470
245 1 0 _aComo raíz dilatada a un sueño /
_cMagda Graniela Rodríguez.
260 _aSanto Domingo :
_bAlfa y Omega,
_c1990.
300 _a72 p. :
_bil. ;
_c21 cm.
590 _aInventariado, 2018/BT
650 0 _aPoesía dominicana
_966
650 0 _aLiteratura dominicana.
_967
910 _aValidado. Control de calidad. MMOLINA
999 _c10765
_d10765